000 00365cam a2200121ua 4500
003 OSt
008 250804b |||||||| |||| 00| 0 eng d
041 _aeng
245 _aDying wisdom: Rise fall and potential of India`s traditional water harvesting systems
260 _aNew Delhi :
_bCentre for Science and Environment ,
_c2005.
300 _a ;
_e`.
942 _cBK
999 _c13026
_d13026